Premier League 2010/11 Top Scorers Quiz Stats

 Plays Quiz not verified by Sporcle

Challenge
Share
Tweet
Embed
Score 0/64 Timer 10:00
0 Plays Today
Club Player % Correct
Manchester UnitedDimitar Berbatov
97%
Manchester CityCarlos Tevez
97%
Manchester UnitedWayne Rooney
96.6%
ChelseaDidier Drogba
96.1%
Aston VillaDarren Bent
92.1%
ArsenalRobin VanPersie
91.6%
ChelseaFernando Torres
91.6%
LiverpoolAndy Carroll
89.2%
ChelseaFrank Lampard
88.2%
ChelseaFlorent Malouda
87.7%
ChelseaNicolas Anelka
85.2%
BlackpoolCharlie Adam
84.7%
LiverpoolDirk Kuyt
84.2%
West Bromwich AlbionPeter Odemwingie
82.8%
Manchester UnitedLuis Nani
81.3%
Manchester UnitedJavier Hernandez
80.8%
FulhamClint Dempsey
78.3%
Tottenham HotspurRafael VanDerVaart
77.3%
Newcastle UnitedKevin Nolan
76.8%
Bolton WanderersKevin Davies
76.8%
Bolton WanderersJohan Elmander
74.4%
EvertonTim Cahill
74.4%
ArsenalSamir Nasri
73.9%
Aston VillaAshley Young
72.9%
EvertonLouis Saha
72.4%
ChelseaSalomon Kalou
71.9%
Tottenham HotspurGareth Bale
71.4%
BlackpoolDJ Campbell
70.4%
SunderlandAsamoah Gyan
70%
ArsenalTheo Walcott
67%
Stoke CityKenwyne Jones
67%
West Ham UnitedCarlton Cole
67%
Club Player % Correct
ArsenalAndrey Arshavin
63.5%
Wolverhampton WanderersKevin Doyle
62.1%
Wolverhampton WanderersSteven Fletcher
58.1%
Tottenham HotspurRoman Pavlyuchenko
57.6%
ArsenalMarouane Chamakh
53.2%
Birmingham CityNikola Zigic
52.2%
West Ham UnitedScott Parker
51.2%
Manchester CityYaya Toure
50.7%
Bolton WanderersDaniel Sturridge
50.2%
BlackpoolGary Taylor-Fletcher
50.2%
Manchester CityMario Balotelli
49.3%
Wolverhampton WanderersSylvain Ebanks-Blake
48.3%
Aston VillaStewart Downing
48.3%
Newcastle UnitedShola Ameobi
48.3%
Newcastle UnitedLeon Best
47.8%
EvertonJermaine Beckford
47.3%
LiverpoolRaul Meireles
44.3%
SunderlandDanny Welbeck
40.9%
Blackpool Luke Varney
39.9%
Stoke CityMatthew Etherington
39.4%
Wigan AthleticHugo Rodallega
38.9%
West Ham UnitedFrederick Piquionne
38.4%
Birmingham CityCraig Gardner
36%
Stoke CityJonathan Walters
33.5%
BlackpoolMarlon Harewood
29.1%
LiverpoolMaxi Rodriguez
29.1%
Blackburn RoversNikola Kalinic
27.1%
Aston VillaMark Albrighton
24.1%
West Bromwich AlbionYoussuf Mulumbu
24.1%
Stoke CityRobert Huth
20.7%
Newcastle UnitedPeter Lovenkrands
19.2%
Wigan AthleticCharles N'Zogbia
9.9%

You're not logged in!

Compare scores with friends on all Sporcle quizzes.
OR
Log In

You Might Also Like...

Show Comments

Extras

Top Quizzes Today


Score Distribution

Your Account Isn't Verified!

In order to create a playlist on Sporcle, you need to verify the email address you used during registration. Go to your Sporcle Settings to finish the process.

Report this User

Report this user for behavior that violates our Community Guidelines.

Details: